000 00399nam a22001697a 4500
999 _c6356
_d6354
005 20210825141225.0
008 200520b xxu||||| |||| 00| 0 eng d
020 _a9788174733719
041 _aeng
082 _a616.01 PAN
100 _aPANDA,DR.U N
_96632
245 _aMICROBIOLOGY FOR NURSES
260 _aDelhi
_bAITBS PUBLISHERS
300 _a239p.
650 _aPharmacy
_96633
942 _cBK